| 000 | 00604nam a22001937a 4500 | ||
|---|---|---|---|
| 005 | 20250811153650.0 | ||
| 008 | 250811b |||||||| |||| 00| 0 eng d | ||
| 020 | _a978-1-119-70284-9 | ||
| 050 |
_aTK 5105 .F 577 2021 _b1 |
||
| 100 | _aFITZGERALD JERRY | ||
| 245 | _aBUSINESS DATA COMMUNICATIONS AND NETWORKING | ||
| 250 | _a14 | ||
| 260 |
_aNEW JERSEY, _bJOHN WILEY & SONS, _c2021, |
||
| 300 | _aXii, 385 P, ILL | ||
| 500 | _aINCLUDES INDEX | ||
| 650 | _aData transmission systems, Computer networks, Office practice-Automation | ||
| 700 | _aDENNIS ALAN, DURISCOVA ALEXANDRA | ||
| 942 |
_2lcc _cBK |
||
| 999 |
_c216013 _d216013 |
||